art by era - Statistics

General Stats
  • This quiz has been taken 12 times
  • The average score is 76 of 100
Answer Stats
Question Tile Select % Correct
Classical No
100%
Classical No
100%
Classical No
100%
Classical No
100%
Classical No
100%
Classical No
100%
Classical No
100%
Classical No
100%
Classical No
92%
Classical No
92%
Classical No
92%
Classical No
92%
Classical No
92%
Classical No
92%
Classical No
92%
Renaissance No
92%
Renaissance No
92%
Renaissance No
92%
Renaissance No
92%
Renaissance No
92%
Renaissance No
92%
Renaissance No
92%
Renaissance No
92%
Baroque - Neoclassicism No
92%
Baroque - Neoclassicism No
92%
Baroque - Neoclassicism No
92%
Baroque - Neoclassicism No
92%
Baroque - Neoclassicism No
92%
Baroque - Neoclassicism No
92%
Baroque - Neoclassicism No
92%
Baroque - Neoclassicism No
92%
Baroque - Neoclassicism No
92%
Classical No
83%
Renaissance Yes
83%
Renaissance No
83%
Renaissance No
83%
Renaissance No
83%
Renaissance No
83%
Baroque - Neoclassicism No
83%
Baroque - Neoclassicism No
83%
Romanticism No
83%
Romanticism No
83%
Romanticism No
83%
Romanticism No
83%
Romanticism No
83%
Romanticism No
83%
Romanticism No
83%
Modern No
83%
Modern No
83%
Modern No
83%
Modern No
83%
Modern No
83%
Modern No
83%
Modern No
83%
Modern No
83%
Modern No
83%
Modern Yes
83%
Modern No
83%
Modern No
83%
Modern No
83%
Modern No
83%
Classical Yes
75%
Classical Yes
75%
Renaissance Yes
75%
Renaissance No
75%
Baroque - Neoclassicism Yes
75%
Baroque - Neoclassicism No
75%
Baroque - Neoclassicism No
75%
Romanticism No
75%
Romanticism No
75%
Romanticism No
75%
Romanticism No
75%
Romanticism No
75%
Modern Yes
75%
Modern No
75%
Modern No
75%
Renaissance No
67%
Baroque - Neoclassicism No
67%
Romanticism No
67%
Classical Yes
58%
Baroque - Neoclassicism No
58%
Romanticism No
58%
Romanticism No
58%
Renaissance No
50%
Renaissance Yes
50%
Renaissance No
50%
Baroque - Neoclassicism No
50%
Romanticism No
50%
Romanticism Yes
50%
Modern Yes
50%
Classical Yes
42%
Romanticism Yes
42%
Romanticism Yes
42%
Baroque - Neoclassicism Yes
33%
Romanticism Yes
33%
Baroque - Neoclassicism Yes
25%
Baroque - Neoclassicism Yes
25%
Modern No
25%
Renaissance Yes
17%
Modern Yes
17%
No matching quizzes found
Score Distribution
Percent of People with Each Score
Percentile by Number Answered
Your Score History
You have not taken this quiz